[Event "IECC O-3434"]
[Site "IECC email"]
[Date "2012.04.22"]
[Round "?"]
[White "Jin, Shufan"]
[Black "Gallagher, James"]
[Result "1-0"]
[WhiteElo "1000"]
[BlackElo "910"]
[PlyCount "51"]
[EventDate "2012.??.??"]
[EventType "swiss (corr)"]
[EventRounds "2"]
[SourceTitle "Telechess CBM 165"]
[Source "ChessBase"]
[SourceDate "2015.03.11"]
[SourceVersion "1"]
[SourceVersionDate "2015.03.11"]
[SourceQuality "1"]
[WhiteTeam "Belgium"]
[BlackTeam "US of America"]
[WhiteTeamCountry "BEL"]
[BlackTeamCountry "USA"]

1. e4 d6 2. Nc3 e5 3. f3 f6 4. a4 Nc6 5. f4 Nge7 6. f5 b6 7. g3 d5 8. Bh3 dxe4 9. Nxe4 Nxf5 10. g4 Nfd4 11. c3 Ne6 12. Qf3 Ng5 13. Nxg5 fxg5 14. Qxc6+ Bd7 15. Qd5 c6 16. Qxe5+ Qe7 17. d4 Be6 18. Bxg5 Qf7 19. Be3 Qf6 20. Bg2 Be7 21. Kd2 0-0 22. h3 Rad8 23. g5 Qf7 24. Bxc6 a5 25. Ne2 Qg6 26. Be4 1-0

[Event "IECC M1-2009.T06"]
[Site "IECC email"]
[Date "2009.01.14"]
[Round "?"]
[White "Ballueder, Volker"]
[Black "Gallagher, James"]
[Result "1-0"]
[WhiteElo "966"]
[BlackElo "924"]
[PlyCount "69"]
[EventDate "2009.??.??"]
[EventType "match (corr)"]
[EventRounds "2"]
[SourceTitle "Corr 2011"]
[Source "ChessBase"]
[SourceDate "2010.08.31"]
[SourceVersion "1"]
[SourceVersionDate "2010.08.31"]
[SourceQuality "1"]
[WhiteTeam "England"]
[BlackTeam "US of America"]
[WhiteTeamCountry "ENG"]
[BlackTeamCountry "USA"]

1. c4 c6 2. d4 b5 3. cxb5 cxb5 4. e4 e6 5. Bxb5 a6 6. Ba4 Nf6 7. e5 Nd5 8. Nf3 Be7 9. 0-0 0-0 10. Nc3 Bb7 11. Re1 Nc6 12. Bd2 h6 13. g3 Ncb4 14. a3 Nc6 15. Bb3 d6 16. Bxd5 exd5 17. Nxd5 Nxd4 18. Nxd4 Bxd5 19. Rc1 dxe5 20. Nf5 Bg5 21. Bxg5 Qxg5 22. Qxd5 Qxf5 23. Rxe5 Qf6 24. Rc6 Qd8 25. Qc4 Kh8 26. Qc3 f6 27. Ree6 Qd1+ 28. Re1 Qd8 29. Ree6 Qd1+ 30. Kg2 Qd5+ 31. f3 Rfd8 32. Rxa6 Rxa6 33. Rxa6 Qb7 34. Rc6 Rb8 35. b4 1-0

[Event "IECC M1-2009.T06"]
[Site "IECC email"]
[Date "2009.01.14"]
[Round "?"]
[White "Gallagher, James"]
[Black "Ballueder, Volker"]
[Result "0-1"]
[WhiteElo "940"]
[BlackElo "950"]
[PlyCount "56"]
[EventDate "2009.??.??"]
[EventType "match (corr)"]
[EventRounds "2"]
[SourceTitle "Corr 2011"]
[Source "ChessBase"]
[SourceDate "2010.08.31"]
[SourceVersion "1"]
[SourceVersionDate "2010.08.31"]
[SourceQuality "1"]
[WhiteTeam "US of America"]
[BlackTeam "England"]
[WhiteTeamCountry "USA"]
[BlackTeamCountry "ENG"]

1. e3 e5 2. d4 exd4 3. exd4 Qe7+ 4. Be2 d5 5. Nc3 Nf6 6. h3 Nc6 7. Be3 Bf5 8. Bd3 Bxd3 9. Qxd3 0-0-0 10. a3 a6 11. Nf3 g6 12. 0-0 Ne4 13. Ne5 Nxe5 14. dxe5 Qxe5 15. Qd4 Bd6 16. Qxe5 Bxe5 17. Nxe4 dxe4 18. Rad1 Bxb2 19. Bc1 Rxd1 20. Rxd1 Bxc1 21. Rxc1 Rd8 22. Re1 Rd2 23. Rc1 c5 24. Kf1 b5 25. Ke1 Rd4 26. c3 Ra4 27. Ra1 b4 28. c4 bxa3 0-1

[Event "IECC CL8-2006.09 email"]
[Site "IECC email"]
[Date "2006.09.04"]
[Round "?"]
[White "Gallagher, James"]
[Black "Fuller, Christopher"]
[Result "0-1"]
[WhiteElo "996"]
[BlackElo "888"]
[PlyCount "42"]
[EventDate "2006.??.??"]
[EventType "tourn (corr)"]
[EventRounds "4"]
[SourceTitle "Corr 2020"]
[Source "ChessBase"]
[SourceDate "2019.09.30"]
[SourceVersion "1"]
[SourceVersionDate "2019.09.30"]
[SourceQuality "1"]
[WhiteTeam "United States"]
[BlackTeam "England"]
[WhiteTeamCountry "USA"]
[BlackTeamCountry "ENG"]

1. e4 e6 2. e5 d6 3. d4 dxe5 4. dxe5 Qxd1+ 5. Kxd1 Nc6 6. Bb5 Bd7 7. Nf3 0-0-0 8. Bg5 f6 9. Bf4 g5 10. Be3 g4 11. Nd4 fxe5 12. Nxc6 Bxc6+ 13. Bd3 Bh6 14. Rg1 a6 15. g3 e4 16. Nc3 exd3 17. Ke1 dxc2 18. Rc1 e5 19. Rxc2 b5 20. Bc5 e4 21. Bd4 Rxd4 0-1

[Event "IECG TE.2005.P.01834 email"]
[Site "IECG email"]
[Date "2005.03.24"]
[Round "?"]
[White "Gallagher, James"]
[Black "Crawford, Gary T"]
[Result "0-1"]
[WhiteElo "800"]
[BlackElo "2088"]
[PlyCount "74"]
[EventDate "2005.03.24"]
[EventType "tourn (corr)"]
[EventRounds "8"]
[SourceTitle "Corr 2008"]
[Source "ChessBase"]
[SourceDate "2008.06.24"]
[SourceVersion "1"]
[SourceVersionDate "2008.06.24"]
[SourceQuality "1"]

1. d4 Nf6 2. c4 c5 3. d5 b5 4. Nf3 a6 5. e3 e6 6. dxe6 fxe6 7. cxb5 Be7 8. Nbd2 d5 9. e4 dxe4 10. Ng5 Qd5 11. Nh3 0-0 12. Bc4 Qf5 13. Qa4 e3 14. fxe3 Nd5 15. Nf3 Qg4 16. Nf4 Nxf4 17. exf4 Qxg2 18. Rf1 axb5 19. Qxb5 Ba6 20. Qb3 Bh4+ 21. Nxh4 Qe4+ 22. Qe3 Qxc4 23. Rf2 Nc6 24. b3 Qd5 25. Qf3 Qd7 26. Rd2 Nd4 27. Qg3 Qb5 28. Qf2 Rxf4 29. Qxf4 Rf8 30. Qxf8+ Kxf8 31. Kf2 Qf1+ 32. Kg3 Bb7 33. Ba3 Nf5+ 34. Kg4 h5+ 35. Kxh5 Qh3 36. Rd8+ Kf7 37. Rd7+ Kg8 0-1

[Event "IECG TE.2005.P.01834 email"]
[Site "IECG email"]
[Date "2005.03.24"]
[Round "2"]
[White "Gallagher, James"]
[Black "Nenciulescu, Silviu"]
[Result "0-1"]
[WhiteElo "800"]
[BlackElo "2073"]
[PlyCount "29"]
[EventDate "2005.03.24"]
[EventType "tourn (corr)"]
[EventRounds "8"]
[SourceTitle "Corr 2024"]
[Source "ChessBase"]
[SourceDate "2023.10.19"]
[SourceVersion "1"]
[SourceVersionDate "2023.10.19"]
[SourceQuality "1"]

1. d4 Nf6 2. c4 c5 3. d5 b5 4. Nf3 g6 5. cxb5 a6 6. Qc2 Nxd5 7. Qxc5 Bb7 8. e4 e5 9. Qc2 Nb4 10. Qe2 axb5 11. Nc3 f6 12. a3 d5 13. exd5 Nxd5 14. Qxb5+ Bc6 15. Qb3 0-1

[Event "IECG TE.2005.P.01834 email"]
[Site "IECG email"]
[Date "2005.03.24"]
[Round "1"]
[White "O'Donnell, Kieran"]
[Black "Gallagher, James"]
[Result "1-0"]
[WhiteElo "1469"]
[BlackElo "800"]
[PlyCount "44"]
[EventDate "2005.03.24"]
[EventType "tourn (corr)"]
[EventRounds "8"]
[SourceTitle "Corr 2024"]
[Source "ChessBase"]
[SourceDate "2023.10.19"]
[SourceVersion "1"]
[SourceVersionDate "2023.10.19"]
[SourceQuality "1"]

1. d4 Nf6 2. c4 c5 3. d5 b5 4. Nf3 Qa5+ 5. Nc3 b4 6. Na4 d6 7. b3 Bd7 8. Nb2 g6 9. Nd3 Bg7 10. Bb2 0-0 11. g3 Ne4 12. Bxg7 Kxg7 13. Qc2 h6 14. Bg2 Nc3 15. Nd2 Bf5 16. e4 Bd7 17. Nb1 Nxb1 18. Rxb1 Qc7 19. 0-0 a5 20. e5 Bf5 21. exd6 exd6 22. Qd2 Nd7 1-0

[Event "IECC KO-1044"]
[Site "IECC email"]
[Date "2004.02.13"]
[Round "?"]
[White "Gallagher, James"]
[Black "Lafargue, Philippe"]
[Result "1-0"]
[WhiteElo "1040"]
[BlackElo "903"]
[PlyCount "53"]
[EventDate "2004.??.??"]
[EventType "match (corr)"]
[EventRounds "2"]
[SourceTitle "Corr 2020"]
[Source "ChessBase"]
[SourceDate "2019.09.30"]
[SourceVersion "1"]
[SourceVersionDate "2019.09.30"]
[SourceQuality "1"]
[WhiteTeam "United States"]
[BlackTeam "France"]
[WhiteTeamCountry "USA"]
[BlackTeamCountry "FRA"]

1. e4 e5 2. d4 Nc6 3. Nf3 d6 4. Bb5 Bd7 5. Bg5 f6 6. Be3 Nce7 7. Nc3 c6 8. Bc4 b5 9. Bxg8 Rxg8 10. a3 f5 11. Qd3 g6 12. Ng5 Rg7 13. d5 h6 14. Ne6 Bxe6 15. dxe6 g5 16. 0-0-0 f4 17. Bd2 Nc8 18. f3 d5 19. exd5 c5 20. Nxb5 a6 21. Nc3 Rb8 22. Qxa6 Ra7 23. Qc4 Nb6 24. Qe4 Bg7 25. Nb5 Ra4 26. Qg6+ Ke7 27. Qf7# 1-0

[Event "IECC O email"]
[Site "IECC email"]
[Date "2001.10.10"]
[Round "?"]
[White "Gallagher, James"]
[Black "Kelly, Dan"]
[Result "0-1"]
[WhiteElo "965"]
[BlackElo "984"]
[PlyCount "34"]
[EventDate "2001.??.??"]
[EventType "tourn (corr)"]
[EventRounds "6"]
[SourceTitle "Corr 2008"]
[Source "ChessBase"]
[SourceDate "2008.06.24"]
[SourceVersion "1"]
[SourceVersionDate "2008.06.24"]
[SourceQuality "1"]

1. d4 d5 2. Nf3 f6 3. Be3 c6 4. Nc3 e5 5. Nxe5 fxe5 6. dxe5 Qe7 7. a3 Qxe5 8. g3 Bf5 9. Bg2 Na6 10. 0-0 Rd8 11. a4 d4 12. f4 Qxe3+ 13. Kh1 dxc3 14. bxc3 Rxd1 15. Rfxd1 Bc5 16. Rdb1 Be4 17. Rxb7 Qf2 0-1